LDR 00537naa#a2200157#i#450# 001 EN\INFRA-M\bibl\14601 005 20260414235400.2 100 ## _a20250114b2025####ek#y0engy0150####ca 102 ## _aRU 200 1# _aTHE MECHANISM OF FORMATION OF THE TRANSPORT AND LOGISTICS SYSTEM OF PUBLIC TRANSPORT IN THE URBAN AGGLOMERATION _eConference article/thesis 210 1# _aMoscow _cINFRA-M Academic Publishing LLC. _d2025 215 ## _a5 с. 608 ## _aConference article/thesis _2local 700 #1 _aAkimov _gA. V. 700 #1 _aBubnova _gG. V. 856 4# _azh-szf.ru _u